Remarkable engineers : (Record no. 78125)

MARC details
000 -LEADER
fixed length control field 00616nam a22001937a 4500
005 - DATE AND TIME OF LATEST TRANSACTION
control field 20130812115151.0
010 ## - LCCN (DPL NO)
LC control number ENG-108161
020 ## - INTERNATIONAL STANDARD BOOK NUMBER
International Standard Book Number 9780521187336
Terms of availability 345.00
035 ## - SYSTEM CONTROL NUMBER
System control number EN-91694
037 ## - SOURCE OF ACQUISITION
Source of stock number/acquisition DBAD/PUB
082 ## - DEWEY DECIMAL CLASSIFICATION NUMBER
Classification number 620.00922
100 ## - MAIN ENTRY--PERSONAL NAME
Personal name James, Ioan
245 10 - TITLE STATEMENT
Title Remarkable engineers :
Statement of responsibility, etc by Ioan James
Remainder of title from Riquet to Shannon /
260 ## - PUBLICATION, DISTRIBUTION, ETC. (IMPRINT)
Place of publication, distribution, etc New Delhi
Name of publisher, distributor, etc Cambridge University Press
Date of publication, distribution, etc 2010
270 ## - ADDRESS
Address 4381/4, Ansari Road, Daryaganj
City New Delhi
Postal code 110002
300 ## - PHYSICAL DESCRIPTION
Extent xv,201p. :
Dimensions 23cm(pbk)
Other physical details ill.
500 ## - GENERAL NOTE
General note Includes bibliographical references
942 ## - ADDED ENTRY ELEMENTS (KOHA)
Source of classification or shelving scheme Dewey Decimal Classification
Item type English Books
Call number suffix JAM
Classification part 620.00922
Holdings
Withdrawn status Lost status Not for loan Collection code Home library Current library Date acquired Source of acquisition Cost, normal purchase price Full call number Barcode Copy number Cost, replacement price Koha item type
    Not For Loan Non-fiction D.B.Act.Division D.B.Act.Division 29/07/2013 DBAD/PUB 345.00 620.0092 JAM EN-91694 1 345.00 English Books

© Delhi Public Library
Hit Counter
free hit counter